[Event "HUN-chT2 Erkel 1516"]
[Site "Hungary"]
[Date "2016.02.28"]
[Round "8.11"]
[White "Csaszar, Gyula"]
[Black "Kaufmann, Peter"]
[Result "0-1"]
[WhiteElo "2047"]
[BlackElo "2001"]
[PlyCount "106"]
[EventDate "2015.09.13"]
[EventType "team-tourn"]
[EventRounds "11"]
[EventCountry "HUN"]
[SourceTitle "EXT 2017"]
[Source "ChessBase"]
[SourceDate "2016.10.25"]
[SourceVersion "1"]
[SourceVersionDate "2016.10.25"]
[SourceQuality "1"]
[WhiteTeam "Barcza BEAC"]
[BlackTeam "MAFC"]
[WhiteTeamCountry "HUN"]
[BlackTeamCountry "HUN"]

1. e4 c5 2. Nf3 e6 3. c3 d5 4. e5 Nc6 5. d4 a6 6. Be2 Nge7 7. 0-0 Ng6 8. Be3 Be7 9. Nbd2 b5 10. a4 b4 11. Qc2 Bd7 12. dxc5 Qb8 13. cxb4 Qxb4 14. Nb3 Ngxe5 15. Nxe5 Nxe5 16. Bd4 Bf6 17. Bxe5 Bxe5 18. c6 Bc8 19. Nc5 Bd6 20. Nd3 Qh4 21. g3 Qe7 22. Rfe1 0-0 23. Bf3 Qf6 24. Bg2 a5 25. Bf1 e5 26. Nc1 Bf5 27. Bd3 e4 28. Bb5 Bb4 29. Rf1 d4 30. Nb3 d3 31. Qc1 Bg4 32. Re1 Bxe1 33. Qxe1 Qxb2 34. Nd2 Bf5 35. Rb1 Qd4 36. Rc1 Rfe8 37. Nc4 Be6 38. Nd2 f5 39. Qe3 Qd6 40. Rc5 Rac8 41. f3 exf3 42. Nxf3 Bb3 43. Ne5 Bd5 44. Rxd5 Qxd5 45. Bc4 Qxc4 46. Nxc4 Rxe3 47. Nxe3 Rxc6 48. Kf2 Rc1 49. Nf1 Ra1 50. Nd2 Rxa4 51. Ke3 Ra2 52. Kxd3 Rxd2+ 53. Kxd2 g5 0-1

[Event "HUN-chT2 Erkel 1516"]
[Site "Hungary"]
[Date "2015.12.06"]
[Round "6.11"]
[White "Somoskoi, Tamas"]
[Black "Kaufmann, Peter"]
[Result "0-1"]
[WhiteElo "1805"]
[BlackElo "2001"]
[PlyCount "118"]
[EventDate "2015.09.13"]
[EventType "team-tourn"]
[EventRounds "11"]
[EventCountry "HUN"]
[SourceTitle "CBM 170 Extra"]
[Source "ChessBase"]
[SourceDate "2016.02.25"]
[SourceVersion "1"]
[SourceVersionDate "2016.02.25"]
[SourceQuality "1"]
[WhiteTeam "Matra"]
[BlackTeam "MAFC"]
[WhiteTeamCountry "HUN"]
[BlackTeamCountry "HUN"]

1. e4 c5 2. Nf3 e6 3. c3 d5 4. e5 Nc6 5. d4 a6 6. a3 b5 7. Be3 Qb6 8. dxc5 Bxc5 9. Bxc5 Qxc5 10. b4 Qb6 11. Bd3 Nge7 12. 0-0 Bd7 13. Nbd2 Qc7 14. Re1 Nd8 15. Nb3 Nc8 16. Ng5 h6 17. Qh5 Rf8 18. Nh7 Rg8 19. Qg4 Ne7 20. Rac1 Nb7 21. Qf4 f5 22. Qh4 Rh8 23. Ng5 Qd8 24. f4 g6 25. Nd4 Nc6 26. Qh3 Qb6 27. Ngf3 0-0-0 28. Kh1 g5 29. fxg5 hxg5 30. Qg3 g4 31. Ng5 Rde8 32. a4 Nxd4 33. cxd4+ Kb8 34. axb5 Bxb5 35. Bxb5 Qxb5 36. Qa3 Rh5 37. Nf7 Rh7 38. Nd6 Nxd6 39. exd6 Reh8 40. Rc5 Rxh2+ 41. Kg1 Qb6 42. Rxe6 f4 43. Rg6 g3 44. Kf1 Re8 45. Rxg3 Rh1+ 46. Kf2 fxg3+ 47. Qxg3 Rf8+ 48. Ke2 Rh6 49. Rxd5 Re6+ 50. Kd3 Rd8 51. d7+ Qc7 52. Qg5 Rc6 53. b5 axb5 54. Rxb5+ Rb6 55. Rxb6+ Qxb6 56. Qe5+ Kb7 57. Qd5+ Kc7 58. Qe5+ Kxd7 59. Ke4 Re8 0-1

[Event "HUN-chT2 Erkel 1516"]
[Site "Hungary"]
[Date "2015.11.08"]
[Round "4.11"]
[White "Geresdi Horvath, Agoston"]
[Black "Kaufmann, Peter"]
[Result "0-1"]
[WhiteElo "1290"]
[BlackElo "2001"]
[PlyCount "80"]
[EventDate "2015.09.13"]
[EventType "team-tourn"]
[EventRounds "11"]
[EventCountry "HUN"]
[SourceTitle "CBM 170 Extra"]
[Source "ChessBase"]
[SourceDate "2016.02.25"]
[SourceVersion "1"]
[SourceVersionDate "2016.02.25"]
[SourceQuality "1"]
[WhiteTeam "Pestszentlorinc"]
[BlackTeam "MAFC"]
[WhiteTeamCountry "HUN"]
[BlackTeamCountry "HUN"]

1. Nf3 Nf6 2. c4 c5 3. Nc3 Nc6 4. d4 cxd4 5. Nxd4 a6 6. e3 g6 7. Be2 Bg7 8. 0-0 0-0 9. Re1 d6 10. Nb3 Be6 11. Nd5 Rc8 12. Bf3 b5 13. Nxf6+ Bxf6 14. cxb5 axb5 15. Bxc6 Rxc6 16. Nd4 Rc5 17. Nxe6 fxe6 18. Qb3 d5 19. Bd2 Qd7 20. Bb4 Rc4 21. Rac1 Rfc8 22. Rxc4 bxc4 23. Qc2 e5 24. Rd1 d4 25. exd4 exd4 26. Bc3 Qd5 27. Bb4 e5 28. b3 Qb7 29. a3 c3 30. g3 e4 31. Rc1 d3 32. Qb1 c2 33. Qa2 Qd5 34. Bd2 Bc3 35. Be3 d2 36. Bxd2 Qxd2 37. Rxc2 Qd1+ 38. Kg2 Qf3+ 39. Kg1 Rd8 40. Qb1 Rd1+ 0-1

[Event "HUN-chT2 Charousek 1415"]
[Site "Hungary"]
[Date "2015.04.26"]
[Round "9"]
[White "Kaufmann, Peter"]
[Black "Ruip, Janos"]
[Result "0-1"]
[WhiteElo "1976"]
[BlackElo "2104"]
[PlyCount "90"]
[EventDate "2014.10.12"]
[EventType "team-tourn"]
[EventRounds "9"]
[EventCountry "HUN"]
[SourceTitle "EXT 2016"]
[Source "ChessBase"]
[SourceDate "2015.10.08"]
[SourceVersion "1"]
[SourceVersionDate "2015.10.08"]
[SourceQuality "1"]
[WhiteTeam "Balatonfuered"]
[BlackTeam "Biatorbagy"]
[WhiteTeamCountry "HUN"]
[BlackTeamCountry "HUN"]

1. e4 Nc6 2. Nf3 d6 3. d4 a6 4. d5 Ne5 5. Nxe5 dxe5 6. c4 e6 7. Be2 exd5 8. cxd5 Bc5 9. 0-0 Nf6 10. Nc3 0-0 11. Be3 Bxe3 12. fxe3 Qd6 13. Rc1 Bd7 14. a3 Rfd8 15. Qe1 c5 16. Bd3 b5 17. h3 c4 18. Bb1 Be8 19. Ne2 Nd7 20. Ng3 g6 21. Rc2 Qe7 22. Rcf2 a5 23. Qd2 Nc5 24. Rf6 Rd6 25. Rxd6 Qxd6 26. Qe2 Qe7 27. Qg4 Kh8 28. Rf2 Bd7 29. Qf3 Kg7 30. d6 Qe6 31. Nf5+ Kh8 32. Nh6 Rf8 33. Nxf7+ Kg7 34. Ng5 Qxd6 35. Qxf8+ Qxf8 36. Rxf8 Kxf8 37. Nxh7+ Kg7 38. Ng5 Na4 39. Nf3 Kf6 40. Kf2 Nxb2 41. Ke2 c3 42. Ne1 b4 43. axb4 axb4 44. Bc2 Bb5+ 45. Kf2 Bc4 0-1

[Event "HUN-chT2 Charousek 1415"]
[Site "Hungary"]
[Date "2014.11.16"]
[Round "2"]
[White "Ivan, Zoltan"]
[Black "Kaufmann, Peter"]
[Result "1-0"]
[WhiteElo "2164"]
[BlackElo "1976"]
[PlyCount "91"]
[EventDate "2014.10.12"]
[EventType "team-tourn"]
[EventRounds "9"]
[EventCountry "HUN"]
[SourceTitle "EXT 2016"]
[Source "ChessBase"]
[SourceDate "2015.10.08"]
[SourceVersion "1"]
[SourceVersionDate "2015.10.08"]
[SourceQuality "1"]
[WhiteTeam "Komlo"]
[BlackTeam "Balatonfuered"]
[WhiteTeamCountry "HUN"]
[BlackTeamCountry "HUN"]

1. d4 Nf6 2. c4 c5 3. d5 e6 4. Nc3 exd5 5. cxd5 d6 6. e4 g6 7. Nf3 a6 8. a4 Bg4 9. Be2 Bxf3 10. Bxf3 Bg7 11. 0-0 0-0 12. Bf4 Re8 13. h3 Qe7 14. Qb3 Nbd7 15. a5 Ne5 16. Be2 Qc7 17. Be3 Ned7 18. Qc2 Rab8 19. Kh1 h6 20. f4 b5 21. axb6 Nxb6 22. Rfd1 Qe7 23. e5 Nfd7 24. Rxa6 dxe5 25. f5 e4 26. fxg6 fxg6 27. Bb5 Kh7 28. Bxd7 Nxd7 29. Re6 Qf7 30. Qxe4 Nf6 31. Qc4 Rxb2 32. Rf1 Rxe6 33. dxe6 Qb7 34. Rf3 Nh5 35. Qxc5 Qa8 36. e7 Rb8 37. Nd5 Qa1+ 38. Bg1 Qe5 39. Qc7 Re8 40. Qxe5 Bxe5 41. g4 Ng7 42. Bh2 Bd4 43. Bd6 Ne6 44. Rf6 Ng7 45. Rf4 Ne6 46. Re4 1-0

[Event "HUN-chT2 Szechenyi 1314"]
[Site "Hungary"]
[Date "2014.04.27"]
[Round "11.1"]
[White "Kaufmann, Peter"]
[Black "Fancsy, Imre"]
[Result "0-1"]
[WhiteElo "1909"]
[BlackElo "2390"]
[PlyCount "58"]
[EventDate "2013.09.08"]
[EventType "team-tourn"]
[EventRounds "11"]
[EventCountry "HUN"]
[SourceTitle "EXT 2016"]
[Source "ChessBase"]
[SourceDate "2015.10.08"]
[SourceVersion "1"]
[SourceVersionDate "2015.10.08"]
[SourceQuality "1"]
[WhiteTeam "Tapolca II"]
[BlackTeam "Balatonfuered"]
[WhiteTeamCountry "HUN"]
[BlackTeamCountry "HUN"]

1. e4 c5 2. Nf3 e6 3. d4 cxd4 4. Nxd4 a6 5. c4 Nf6 6. Bd3 Nc6 7. Be3 Ne5 8. 0-0 Nfg4 9. Nc2 Qc7 10. Bf4 h5 11. h3 g5 12. Bxe5 Nxe5 13. Nc3 g4 14. h4 Be7 15. Nd4 Bxh4 16. Rc1 b6 17. Nd5 exd5 18. cxd5 Qd8 19. Nf5 Bg5 20. Rc3 d6 21. Qa4+ Kf8 22. Nd4 Kg7 23. Bb5 Rb8 24. Bc6 b5 25. Qd1 Qf6 26. f4 gxf3 27. Nxf3 Bg4 28. Qe1 Nxf3+ 29. gxf3 Bh3 0-1

[Event "HUN-chT2 Szechenyi 1314"]
[Site "Hungary"]
[Date "2014.03.02"]
[Round "8.1"]
[White "Pinterne, Kovacs Marta"]
[Black "Kaufmann, Peter"]
[Result "1-0"]
[WhiteElo "2133"]
[BlackElo "1909"]
[PlyCount "91"]
[EventDate "2013.09.08"]
[EventType "team-tourn"]
[EventRounds "11"]
[EventCountry "HUN"]
[SourceTitle "EXT 2016"]
[Source "ChessBase"]
[SourceDate "2015.10.08"]
[SourceVersion "1"]
[SourceVersionDate "2015.10.08"]
[SourceQuality "1"]
[WhiteTeam "Keszthely Spartacus"]
[BlackTeam "Tapolca II"]
[WhiteTeamCountry "HUN"]
[BlackTeamCountry "HUN"]

1. d4 Nf6 2. g3 g6 3. Bg2 Bg7 4. e4 d6 5. Ne2 0-0 6. 0-0 Nbd7 7. Nbc3 c5 8. d5 a6 9. a4 Rb8 10. a5 b5 11. axb6 Nxb6 12. h3 Nfd7 13. Ra2 Re8 14. f4 Qc7 15. Kh2 Bb7 16. Be3 Nc4 17. Bg1 e6 18. b3 Ncb6 19. Qd2 exd5 20. exd5 Nf6 21. Nc1 Re7 22. Rd1 Rbe8 23. Bf2 Qc8 24. Bf3 Qa8 25. Qd3 Qc8 26. g4 c4 27. bxc4 Nxc4 28. Na4 Ne3 29. Bxe3 Rxe3 30. Qf1 a5 31. c4 Ba6 32. Rc2 Bb5 33. Nb2 a4 34. Rd3 Re1 35. Qg2 Bd7 36. Ra3 Qc5 37. Ra2 Qe3 38. Nbd3 Rxc1 39. Nxc1 Qxf4+ 40. Qg3 Qd4 41. Ne2 Qc5 42. Qg1 Re3 43. Qf2 Ne4 44. Bxe4 Rxh3+ 45. Kg1 Rg3+ 46. Kf1 1-0

[Event "HUN-chT2 Charousek 1314"]
[Site "Hungary"]
[Date "2013.09.22"]
[Round "2"]
[White "Wanger, Tamas"]
[Black "Kaufmann, Peter"]
[Result "1/2-1/2"]
[WhiteElo "1959"]
[BlackElo "1909"]
[PlyCount "134"]
[EventDate "2013.09.08"]
[EventType "team-tourn"]
[EventRounds "11"]
[EventCountry "HUN"]
[SourceTitle "EXT 2016"]
[Source "ChessBase"]
[SourceDate "2015.10.08"]
[SourceVersion "1"]
[SourceVersionDate "2015.10.08"]
[SourceQuality "1"]
[WhiteTeam "Budapest EAC"]
[BlackTeam "Tapolca"]
[WhiteTeamCountry "HUN"]
[BlackTeamCountry "HUN"]

1. d4 Nf6 2. c4 c5 3. d5 e6 4. Nc3 exd5 5. cxd5 d6 6. e3 g6 7. Nf3 Bg7 8. Bd3 0-0 9. 0-0 a6 10. a4 Bg4 11. h3 Bxf3 12. Qxf3 Nbd7 13. Qd1 Re8 14. Re1 Ne5 15. Be2 Qc7 16. e4 Rab8 17. Be3 Nfd7 18. Qc2 c4 19. a5 Nc5 20. f3 Nb3 21. Bb6 Nxa1 22. Rxa1 Qc8 23. Ra4 Qd7 24. Rxc4 Rbc8 25. Rxc8 Qxc8 26. Qb3 Nd7 27. Bf2 Qc7 28. Qb4 Be5 29. Bd3 Rc8 30. Bf1 Nc5 31. g3 Qe7 32. Kg2 h5 33. Qc4 Qd7 34. Qb4 h4 35. f4 hxg3 36. Bxg3 Bxc3 37. bxc3 Qa4 38. Qxa4 Nxa4 39. c4 Nb2 40. e5 dxe5 41. fxe5 Nxc4 42. d6 Ne3+ 43. Kf2 Nxf1 44. Kxf1 Rd8 45. Bh4 Rd7 46. Ke2 Kg7 47. Bg5 f6 48. Bxf6+ Kf7 49. Ke3 Ke6 50. Ke4 Rh7 51. h4 Rh5 52. Kd4 Rh7 53. Kc5 Rf7 54. Kc4 Rf8 55. Kc5 Rf7 56. Be7 Rf1 57. Kb6 Rd1 58. Kxb7 Kxe5 59. Kxa6 Ke6 60. Kb6 Kd7 61. a6 Rb1+ 62. Kc5 Rc1+ 63. Kd5 Ra1 64. Ke5 Rxa6 65. Kf6 Ra4 66. Kxg6 Rxh4 67. Bxh4 Kxd6 1/2-1/2

[Event "HUN-chT2 Szechenyi 1213"]
[Site "Hungary"]
[Date "2013.04.21"]
[Round "11.9"]
[White "Kaufmann, Peter"]
[Black "Domonkos, Andras"]
[Result "1-0"]
[WhiteElo "1775"]
[BlackElo "1941"]
[PlyCount "85"]
[EventDate "2012.09.16"]
[EventType "team-tourn"]
[EventRounds "11"]
[EventCountry "HUN"]
[SourceTitle "EXT 2014"]
[Source "ChessBase"]
[SourceDate "2013.11.20"]
[SourceVersion "1"]
[SourceVersionDate "2013.11.20"]
[SourceQuality "1"]
[WhiteTeam "Tapolca"]
[BlackTeam "Veszprem"]
[WhiteTeamCountry "HUN"]
[BlackTeamCountry "HUN"]

1. e4 c5 2. Nf3 Nc6 3. d4 cxd4 4. c3 d5 5. exd5 Qxd5 6. cxd4 Bg4 7. Nc3 Qe6+ 8. Be3 Qf6 9. Be2 e6 10. d5 exd5 11. Nxd5 Qd8 12. 0-0 Bd6 13. Re1 Nge7 14. Bg5 0-0 15. Qa4 Be6 16. Bc4 Re8 17. Rad1 a6 18. Nxe7+ Nxe7 19. Bxe6 b5 20. Qd4 Bxh2+ 21. Kxh2 Qxd4 22. Nxd4 fxe6 23. Rxe6 Ng6 24. Rxe8+ Rxe8 25. Be3 Ne5 26. Re1 Nd3 27. Re2 Re4 28. f3 Re5 29. b3 Nb4 30. Bd2 Rh5+ 31. Kg3 Nxa2 32. Re6 Rd5 33. Rxa6 Rxd4 34. Rxa2 Rd7 35. Bf4 Kf7 36. Ra6 Rd3 37. b4 Rd4 38. Bd6 g5 39. Bc5 Rd7 40. Ra7 Rxa7 41. Bxa7 h5 42. f4 g4 43. Kh4 1-0

[Event "HUN-chT2 Szechenyi 1213"]
[Site "Hungary"]
[Date "2013.03.24"]
[Round "9.9"]
[White "Kaufmann, Peter"]
[Black "Domotor, Jozsef"]
[Result "1/2-1/2"]
[WhiteElo "1775"]
[BlackElo "2001"]
[PlyCount "48"]
[EventDate "2012.09.16"]
[EventType "team-tourn"]
[EventRounds "11"]
[EventCountry "HUN"]
[SourceTitle "EXT 2014"]
[Source "ChessBase"]
[SourceDate "2013.11.20"]
[SourceVersion "1"]
[SourceVersionDate "2013.11.20"]
[SourceQuality "1"]
[WhiteTeam "Tapolca"]
[BlackTeam "Zala Volan"]
[WhiteTeamCountry "HUN"]
[BlackTeamCountry "HUN"]

1. e4 c5 2. Nf3 Nc6 3. d4 cxd4 4. Nxd4 Nf6 5. Nc3 d6 6. f3 e5 7. Nb3 Be6 8. Be3 Be7 9. Qd2 0-0 10. Nd5 Bxd5 11. exd5 Nb8 12. 0-0-0 Nbd7 13. f4 Ng4 14. g3 Nxe3 15. Qxe3 exf4 16. gxf4 Bf6 17. Bd3 Re8 18. Qh3 g6 19. Rhe1 Rxe1 20. Rxe1 Nc5 21. Qe3 Nxb3+ 22. axb3 Qa5 23. Kb1 Kg7 24. Qe4 Rc8 1/2-1/2

[Event "HUN-chT2 Szechenyi 1213"]
[Site "Hungary"]
[Date "2013.03.03"]
[Round "8.8"]
[White "Kaufmann, Peter"]
[Black "Gabor, Attila"]
[Result "1-0"]
[WhiteElo "1775"]
[BlackElo "1893"]
[PlyCount "73"]
[EventDate "2012.09.16"]
[EventType "team-tourn"]
[EventRounds "11"]
[EventCountry "HUN"]
[SourceTitle "EXT 2014"]
[Source "ChessBase"]
[SourceDate "2013.11.20"]
[SourceVersion "1"]
[SourceVersionDate "2013.11.20"]
[SourceQuality "1"]
[WhiteTeam "Tapolca"]
[BlackTeam "Arboretum"]
[WhiteTeamCountry "HUN"]
[BlackTeamCountry "HUN"]

1. e4 e5 2. Nf3 Nc6 3. d4 exd4 4. Nxd4 d6 5. Nc3 Bd7 6. Be3 Nf6 7. Be2 Be7 8. 0-0 0-0 9. f4 Nxd4 10. Bxd4 Bc6 11. Bf3 Qd7 12. Qe2 a6 13. Rad1 Rad8 14. Rfe1 Bb5 15. Nxb5 Qxb5 16. c4 Qb4 17. Bc3 Qb6+ 18. Kh1 Nd7 19. Bg4 Rfe8 20. Bxd7 Rf8 21. Bg4 Rde8 22. Qd2 Qc6 23. Qd5 Bh4 24. Qxc6 bxc6 25. g3 Bd8 26. Bd7 Re7 27. Bxc6 f6 28. Kg2 h6 29. Kf3 g5 30. h4 gxh4 31. gxh4 Rg7 32. Rg1 Kh7 33. Rxg7+ Kxg7 34. Rg1+ Kh7 35. h5 Rg8 36. Rxg8 Kxg8 37. Bb7 1-0

[Event "Steyr op"]
[Site "Steyr"]
[Date "2012.09.02"]
[Round "7"]
[White "Kaufmann, Peter"]
[Black "Soellradl, Friedrich"]
[Result "1/2-1/2"]
[WhiteElo "1631"]
[BlackElo "1781"]
[PlyCount "87"]
[EventDate "2012.08.27"]
[EventType "swiss"]
[EventRounds "7"]
[EventCountry "AUT"]
[SourceTitle "CBM 150 Extra"]
[Source "ChessBase"]
[SourceDate "2012.10.19"]
[SourceVersion "1"]
[SourceVersionDate "2012.10.19"]
[SourceQuality "1"]

1. e4 e5 2. Nf3 Nc6 3. d4 exd4 4. Nxd4 Bc5 5. Nxc6 bxc6 6. Bd3 Qf6 7. Qf3 Rb8 8. Nd2 Bb4 9. Qxf6 Nxf6 10. c3 Be7 11. 0-0 0-0 12. Nb3 d5 13. Re1 Bb7 14. a3 Rfe8 15. Bf4 Ba8 16. e5 Nh5 17. Bc1 Rxb3 18. g4 Bd6 19. gxh5 Rxe5 20. Bf4 Rxe1+ 21. Rxe1 Kf8 22. Bc1 h6 23. Bf5 c5 24. Bd7 Rb8 25. b4 Rd8 26. Ba4 cxb4 27. cxb4 a6 28. Be3 c6 29. Rc1 Rc8 30. Bb3 Bb7 31. Rc3 Re8 32. Rc1 Re4 33. Bc5 Bxc5 34. Rxc5 Ke7 35. Rc3 Rh4 36. Re3+ Kd6 37. Kf1 Rxh5 38. h3 Re5 39. Rf3 f6 40. Bc2 g5 41. Rxf6+ Re6 42. Rf7 Re7 43. Rf6+ Re6 44. Rf7 1/2-1/2

[Event "Steyr op"]
[Site "Steyr"]
[Date "2012.08.30"]
[Round "4"]
[White "Mostbauer, Maximilian"]
[Black "Kaufmann, Peter"]
[Result "1-0"]
[WhiteElo "1952"]
[BlackElo "1631"]
[PlyCount "103"]
[EventDate "2012.08.27"]
[EventType "swiss"]
[EventRounds "7"]
[EventCountry "AUT"]
[SourceTitle "CBM 150 Extra"]
[Source "ChessBase"]
[SourceDate "2012.10.19"]
[SourceVersion "1"]
[SourceVersionDate "2012.10.19"]
[SourceQuality "1"]

1. d4 d5 2. c4 c6 3. Nf3 Nf6 4. Nc3 a6 5. e3 b5 6. cxd5 cxd5 7. Bd3 e6 8. a3 Bd6 9. 0-0 0-0 10. e4 dxe4 11. Nxe4 Nxe4 12. Bxe4 Ra7 13. Be3 Rd7 14. Bxh7+ Kh8 15. Bc2 Nc6 16. Ng5 g6 17. Qg4 f5 18. Qh3+ Kg8 19. Nxe6 Rh7 20. Qxh7+ Kxh7 21. Nxd8 Rxd8 22. f3 Re8 23. Rfe1 Bf8 24. d5 Na5 25. Bd2 Bc5+ 26. Kf1 Rxe1+ 27. Rxe1 Nc4 28. Bc1 Bd7 29. b4 Bd6 30. Bb3 Nb6 31. Be3 Nc8 32. g3 Kg7 33. f4 Kf8 34. Bc5 Be7 35. Kf2 Nd6 36. Bxd6 Bxd6 37. Re2 Kf7 38. Kf3 Kf6 39. h3 Kf7 40. g4 Kf6 41. g5+ Kg7 42. h4 Kh7 43. Re5 Kg7 44. Ke3 Kf7 45. Kd4 Kg7 46. Bd1 Kf8 47. h5 Be8 48. hxg6 Bxg6 49. Re6 Bxf4 50. Rxg6 Bc1 51. Rxa6 f4 52. Bf3 1-0

[Event "HUN-ch U12"]
[Site "Balatonlelle"]
[Date "2012.06.27"]
[Round "6"]
[White "Kaufmann, Peter"]
[Black "Bohus, Adam"]
[Result "1/2-1/2"]
[WhiteElo "1744"]
[BlackElo "1704"]
[PlyCount "105"]
[EventDate "2012.06.22"]
[EventType "tourn"]
[EventRounds "9"]
[EventCountry "HUN"]
[SourceTitle "EXT 2014"]
[Source "ChessBase"]
[SourceDate "2013.11.20"]
[SourceVersion "1"]
[SourceVersionDate "2013.11.20"]
[SourceQuality "1"]

1. e4 e5 2. d4 exd4 3. Qxd4 Nc6 4. Qe3 Nf6 5. Nc3 Bb4 6. Bd2 0-0 7. 0-0-0 Re8 8. Qg3 Nxe4 9. Nxe4 Rxe4 10. Bxb4 Rxb4 11. c3 Rb6 12. Bd3 d6 13. Nf3 Qf6 14. Rhe1 Bf5 15. h4 a5 16. Bc4 a4 17. a3 Na5 18. Ba2 Nb3+ 19. Bxb3 axb3 20. Nd4 h6 21. Qf4 Bg6 22. Qxf6 gxf6 23. g4 Kf8 24. f4 c5 25. Nf3 Bc2 26. Rd2 f5 27. g5 h5 28. Rde2 Be4 29. Nd2 d5 30. c4 Bd3 31. Re5 dxc4 32. Rxc5 Rc6 33. Rxc6 bxc6 34. Nf3 c3 35. Re3 Rxa3 36. bxc3 Bc2 37. Nd4 Ra1+ 38. Kb2 Ra2+ 39. Kc1 c5 40. Nxc2 Rxc2+ 41. Kb1 Rh2 42. Re5 Rxh4 43. Rxf5 Kg7 44. Rxc5 Rh1+ 45. Kb2 h4 46. f5 h3 47. Rc4 Rg1 48. Rh4 Rxg5 49. Rxh3 Rxf5 50. Kxb3 Rc5 51. Kb4 Rc8 52. c4 f5 53. Kc3 1/2-1/2

[Event "HUN-ch U12"]
[Site "Balatonlelle"]
[Date "2012.06.26"]
[Round "5"]
[White "Toth, Tamas2222"]
[Black "Kaufmann, Peter"]
[Result "1-0"]
[WhiteElo "1836"]
[BlackElo "1744"]
[PlyCount "117"]
[EventDate "2012.06.22"]
[EventType "tourn"]
[EventRounds "9"]
[EventCountry "HUN"]
[SourceTitle "EXT 2014"]
[Source "ChessBase"]
[SourceDate "2013.11.20"]
[SourceVersion "1"]
[SourceVersionDate "2013.11.20"]
[SourceQuality "1"]

1. e4 c5 2. Nf3 a6 3. c4 e6 4. Nc3 Qc7 5. d4 cxd4 6. Nxd4 Nf6 7. Be2 Be7 8. 0-0 0-0 9. Be3 b6 10. Rc1 Bb7 11. f3 d6 12. Qd2 Nbd7 13. Rfd1 Rac8 14. b3 Rfd8 15. Qe1 Ne5 16. Qf2 Ned7 17. h3 Bf8 18. g4 g6 19. g5 Ne8 20. f4 e5 21. Nf3 Ng7 22. fxe5 dxe5 23. Nd5 Bxd5 24. cxd5 Qb7 25. Nd2 Nc5 26. b4 Nd7 27. Nc4 Bxb4 28. Nxb6 Nxb6 29. Bxb6 Rxc1 30. Rxc1 Rc8 31. Rc4 Rxc4 32. Bxc4 Qc8 33. Bf1 Nh5 34. Be3 a5 35. Qb2 Bc3 36. Qb5 Ng3 37. Qc6 Qb8 38. Qxc3 Nxf1 39. Kxf1 Qb1+ 40. Kf2 Qxe4 41. Qxa5 Qf5+ 42. Ke2 Qc2+ 43. Qd2 Qc4+ 44. Ke1 Qh4+ 45. Kd1 Qxh3 46. d6 Qf1+ 47. Kc2 Qc4+ 48. Kb2 Qb5+ 49. Ka3 Qa6+ 50. Kb4 Qb7+ 51. Ka5 Qa8+ 52. Kb5 Qb7+ 53. Bb6 Qd7+ 54. Ka5 e4 55. Qd5 Qh3 56. Qa8+ Kg7 57. Bd4+ f6 58. Bxf6+ Kf7 59. Qb7+ 1-0

[Event "HUN-ch U12"]
[Site "Balatonlelle"]
[Date "2012.06.23"]
[Round "2"]
[White "Kaufmann, Peter"]
[Black "Czupor, Attila"]
[Result "0-1"]
[WhiteElo "1744"]
[BlackElo "1851"]
[PlyCount "124"]
[EventDate "2012.06.22"]
[EventType "tourn"]
[EventRounds "9"]
[EventCountry "HUN"]
[SourceTitle "EXT 2014"]
[Source "ChessBase"]
[SourceDate "2013.11.20"]
[SourceVersion "1"]
[SourceVersionDate "2013.11.20"]
[SourceQuality "1"]

1. e4 c5 2. d4 cxd4 3. c3 dxc3 4. Nxc3 Nc6 5. Nf3 d6 6. Bc4 Nf6 7. e5 dxe5 8. Qxd8+ Kxd8 9. Be3 e6 10. Rd1+ Bd7 11. Ng5 Ke8 12. Nb5 Rc8 13. Bb3 Bb4+ 14. Ke2 a6 15. Nd6+ Bxd6 16. Rxd6 h6 17. Nf3 Ne4 18. Rdd1 f5 19. Bc2 Nf6 20. a3 e4 21. Ne1 Ne5 22. Bd4 Bb5+ 23. Kd2 Nc4+ 24. Kc1 Kf7 25. a4 Bc6 26. b3 Na3 27. Kb2 Nxc2 28. Nxc2 Rhd8 29. Bb6 Rxd1 30. Rxd1 Ng4 31. h3 Ne5 32. Nb4 Bxa4 33. Bd4 Nc6 34. Nxc6 Bxc6 35. Be5 Bd5 36. b4 Rc4 37. Bc3 g5 38. g3 Kg6 39. Rg1 a5 40. bxa5 Ra4 41. Ra1 Rxa1 42. Kxa1 f4 43. Kb2 e3 44. Be1 Kf5 45. fxe3 fxe3 46. Kc3 Ke4 47. h4 e5 48. hxg5 hxg5 49. Kc2 Kf3 50. Kd1 Bb3+ 51. Kc1 Ke2 52. Bc3 e4 53. Kb2 Bd1 54. Bd4 Kd3 55. Bc3 e2 56. Be1 Ke3 57. Kc3 Kf3 58. Kd4 Kg2 59. Kxe4 Kf1 60. Bd2 e1Q+ 61. Bxe1 Kxe1 62. Ke3 g4 0-1

[Event "HUN-chT2 Szechenyi 1112"]
[Site "Hungary"]
[Date "2012.04.22"]
[Round "9.11"]
[White "Toth, Daniel"]
[Black "Kaufmann, Peter"]
[Result "0-1"]
[WhiteElo "1701"]
[BlackElo "1707"]
[PlyCount "92"]
[EventDate "2011.09.25"]
[EventType "team-tourn"]
[EventRounds "11"]
[EventCountry "HUN"]
[SourceTitle "EXT 2013"]
[Source "ChessBase"]
[SourceDate "2012.11.22"]
[SourceVersion "1"]
[SourceVersionDate "2012.11.22"]
[SourceQuality "1"]
[WhiteTeam "Keszthely"]
[BlackTeam "Tapolca"]
[WhiteTeamCountry "HUN"]
[BlackTeamCountry "HUN"]

1. Nf3 Nf6 2. g3 g6 3. Bg2 Bg7 4. 0-0 0-0 5. c4 c5 6. Nc3 Nc6 7. d4 cxd4 8. Nxd4 Ng4 9. e3 Nge5 10. b3 d6 11. h3 Nxd4 12. exd4 Nc6 13. Be3 Bd7 14. Rc1 Qc8 15. Kh2 e5 16. d5 Nd8 17. f4 f5 18. fxe5 dxe5 19. Ne2 Nf7 20. b4 g5 21. Ng1 f4 22. gxf4 exf4 23. Bd4 Qc7 24. Nf3 Bf5 25. Bxg7 Kxg7 26. Qd4+ Kg8 27. Rce1 Qd6 28. c5 Qh6 29. Re7 g4 30. Ng1 f3 31. Nxf3 gxf3 32. Rxf3 Bg6 33. Rxb7 Ng5 34. Rg3 Rae8 35. d6 Ne6 36. Qc4 Qf4 37. Qc3 Nd4 38. Qc4+ Kh8 39. Qc3 Qe5 40. Kh1 Be4 41. Re7 Rxe7 42. dxe7 Bxg2+ 43. Kxg2 Qe2+ 44. Kh1 Rf1+ 45. Rg1 Qe4+ 46. Kh2 Rf2+ 0-1